000 01115nam a22004570a 4500
001 PT32474
003 AR-LpoUNG
005 20210131230001.0
008 191001s2003||||sp |||||||||||||||||spa d
020 _a8446014580
_c$82.50
040 _aAR-LpoUNG
_bspa
_cAR-LpoUNG
_eaacr
041 _aspa
044 _asp
082 0 _aR940.1 516dic
100 1 _aLe Goff, Jacques.
_eed.
245 1 0 _aDiccionario razonado del occidente medieval
260 _aMadrid :
_bAkal,
_c2003.
300 _a816 p. :
_bil.
650 4 _aCOMERCIO
650 4 _aCRISTIANISMO
650 4 _aCULTURA
650 4 _aDICCIONARIOS
650 4 _aESTADO
650 4 _aFAMILIA
650 4 _aGUERRA
650 4 _aHISTORIA
650 4 _aHISTORIA POLITICA
650 4 _aISLAMISMO
650 4 _aJUDAISMO
650 4 _aLIBERTAD
650 4 _aMATERIAL DE REFERENCIA
650 4 _aRELIGION
650 4 _aSEXUALIDAD
650 4 _aVIOLENCIA
651 4 _aMundial
653 _aEDAD MEDIA
700 1 _aCarrasco Manchado, Ana Isabel
_etr.
700 1 _aSchmitt, Jean Claude
_eed.
905 _a32474
942 _cLSALA
999 _c751
_d751